<?xml version="1.0" encoding="UTF-8"?>
<record
    xmlns:xsi="http://www.w3.org/2001/XMLSchema-instance"
    xsi:schemaLocation="http://www.loc.gov/MARC21/slim http://www.loc.gov/standards/marcxml/schema/MARC21slim.xsd"
    xmlns="http://www.loc.gov/MARC21/slim">

  <leader>01052nab a2200265 uc4500</leader>
  <controlfield tag="001">937393</controlfield>
  <controlfield tag="005">20251001101032.0</controlfield>
  <controlfield tag="008">050803e20050301                    spa  </controlfield>
  <datafield tag="035" ind1=" " ind2=" ">
    <subfield code="a">937393</subfield>
  </datafield>
  <datafield tag="035" ind1=" " ind2=" ">
    <subfield code="a">(OCoLC)820330167</subfield>
  </datafield>
  <datafield tag="040" ind1=" " ind2=" ">
    <subfield code="c">comduadb</subfield>
  </datafield>
  <datafield tag="041" ind1=" " ind2=" ">
    <subfield code="a">spa</subfield>
  </datafield>
  <datafield tag="100" ind1="1" ind2="0">
    <subfield code="a">Musayo Oblitas, Yesenia</subfield>
    <subfield code="4">aut</subfield>
    <subfield code="e">aut</subfield>
    <subfield code="9">409310</subfield>
  </datafield>
  <datafield tag="245" ind1="1" ind2="0">
    <subfield code="a">Factores de riesgo del consumo de bebidas alcoholicas en escolares de educacion secundaria</subfield>
  </datafield>
  <datafield tag="650" ind1=" " ind2=" ">
    <subfield code="a">Conducta del adolescente</subfield>
    <subfield code="9">57487</subfield>
  </datafield>
  <datafield tag="650" ind1=" " ind2="7">
    <subfield code="a">Consumo de bebidas alcoh&#xF3;licas</subfield>
    <subfield code="2">lemb</subfield>
    <subfield code="9">20893</subfield>
  </datafield>
  <datafield tag="650" ind1=" " ind2="7">
    <subfield code="a">Alcoholismo</subfield>
    <subfield code="2">embne</subfield>
    <subfield code="9">1602</subfield>
  </datafield>
  <datafield tag="650" ind1=" " ind2="7">
    <subfield code="a">Factores de riesgo</subfield>
    <subfield code="2">dcs</subfield>
    <subfield code="9">47336</subfield>
  </datafield>
  <datafield tag="650" ind1=" " ind2="0">
    <subfield code="a">Consentimiento informado</subfield>
    <subfield code="9">61585</subfield>
  </datafield>
  <datafield tag="700" ind1="1" ind2="0">
    <subfield code="a">Torres Deza, Clara</subfield>
    <subfield code="4">aut</subfield>
    <subfield code="e">aut</subfield>
    <subfield code="9">407519</subfield>
  </datafield>
  <datafield tag="700" ind1="1" ind2="0">
    <subfield code="a">S&#xE1;nchez D&#xED;az, Elvira</subfield>
    <subfield code="4">aut</subfield>
    <subfield code="e">aut</subfield>
    <subfield code="9">407520</subfield>
  </datafield>
  <datafield tag="700" ind1="1" ind2="0">
    <subfield code="a">Chavez Cachay, Esther</subfield>
    <subfield code="4">aut</subfield>
    <subfield code="e">aut</subfield>
    <subfield code="9">407521</subfield>
  </datafield>
  <datafield tag="773" ind1="0" ind2=" ">
    <subfield code="t">Investigaci&#xF3;n y Educaci&#xF3;n en Enfermer&#xED;a : Facultad de Enfermer&#xED;a Universidad de Antioquia (Medell&#xED;n)</subfield>
    <subfield code="g">Volumen 23, N&#xFA;mero 01, Marzo 2005, p. 54-67</subfield>
    <subfield code="w">317757</subfield>
    <subfield code="x">0120-5307</subfield>
    <subfield code="0">108271</subfield>
  </datafield>
  <datafield tag="942" ind1=" " ind2=" ">
    <subfield code="c">ARIMP</subfield>
  </datafield>
  <datafield tag="999" ind1=" " ind2=" ">
    <subfield code="c">361034</subfield>
    <subfield code="d">361034</subfield>
  </datafield>
</record>
